| 000 | 02028cam a2200373 a 4500 | ||
|---|---|---|---|
| 001 | 14881145 | ||
| 005 | 20221101095531.0 | ||
| 008 | 070606s2007 hiuab b s001 0 eng | ||
| 010 | _a 2007023706 | ||
| 020 | _a9780824831264 (hardcover : alk. paper) | ||
| 020 | _a0824831268 (hardcover : alk. paper) | ||
| 020 | _a9780824831912 (pbk. : alk. paper) | ||
| 020 | _a0824831918 (pbk. : alk. paper) | ||
| 035 | _a(OCoLC)ocn141381983 | ||
| 035 | _a(OCoLC)141381983 | ||
| 040 |
_aDLC _cDLC _dYDX _dYDXCP _dBTCTA _dC#P _dBWX _dBAKER _dIXA _dDLC |
||
| 043 | _aa-ja--- | ||
| 050 | 0 | 0 |
_aBQ689 _b.G73 2007 |
| 082 | 0 | 0 |
_a700.4829430952 _bGRA |
| 100 | 1 |
_aGraham, Patricia Jane. _9102102 |
|
| 245 | 1 | 0 |
_aFaith and power in Japanese Buddhist art, 1600-2005 / _cPatricia J. Graham. |
| 260 |
_aHonolulu : _bUniversity of Hawai'i Press, _cc2007. |
||
| 300 |
_aviii, 353 p. : _bill. (some col.), map ; _c25 cm. |
||
| 504 | _aIncludes bibliographical references (p. [313]-338) and index. | ||
| 505 | 0 | _aBuddhism in the arts of early modern Japan, 1600-1868 -- Institutional Buddhism under warrior rule -- Buddhist temples for the elites -- Temples for commoners -- Depictions of popular deities and spiritual concerns -- Professional icon-makers -- Expressions of faith -- Buddhist imagery and sacred sites in modern Japan, 1868-2005 -- Buddhist institutions after an era of persecution, 1868-1945 -- From icon to art, 1868-1945 -- Buddhist sites of worship, 1945-2005 -- Visualizing faith, 1945-2005. | |
| 650 | 0 |
_aBuddhism _zJapan _xHistory _y1600-1868. _9102103 |
|
| 650 | 0 |
_aBuddhism _zJapan _xHistory _y1868-1945. _9102104 |
|
| 650 | 0 |
_aBuddhism _zJapan _xHistory _y1945- _9102105 |
|
| 650 | 0 |
_aBuddhist arts _zJapan. _9102106 |
|
| 856 | 4 | 1 |
_3Table of contents only _uhttp://www.loc.gov/catdir/toc/ecip0720/2007023706.html |
| 906 |
_a7 _bcbc _corignew _d1 _eecip _f20 _gy-gencatlg |
||
| 942 |
_2ddc _cBK |
||
| 999 |
_c592181 _d592181 |
||